000 01031nam a22003257a 4500
003 CHAP
005 20220329143457.0
008 091216d1993 us a r 00010 eng d
010 _a97240
011 _a98212
020 _a0534197884
035 _a108896
040 _cCHAP
082 0 4 _a515.1
_bD29
100 1 _aDavis, Marsha J.
_931283
245 1 0 _aPrecalculus in context
_bFunctioning in the real world
_c/por Marsha J. Davis, Judy Flagg Moran and Mary E murphy
260 _aBoston :
_bPWS-Kent,
_c1993
300 _a200 p. :
_bilus.
590 _aBATCH-UPD
_b10
_c20130110
_lUCH01
_h1019
590 _aBATCH-UPD
_b10
_c20130410
_lUCH01
_h0625
590 _aBATCH-UPD
_b10
_c20130914
_lUCH01
_h0952
590 _aCONVERSION
_b10
_c20130109
_lUCH01
_h1354
650 1 4 _aÁlgebra.
_982391
650 1 4 _aCálculo.
_923990
650 1 4 _aGráficas
_xTeoría de las.
_950766
650 1 4 _aMatemáticas.
_972901
901 _aBK
942 _cLIBRO
949 _a515.1 D29
_bBC
_cLIBRO
_d33724002137603
_eLIBRO
_gI.c/e
_h111539
_i108896
_sb
999 _c97240
_d97240